Normal view
MARC view
- Islamic law and jurisprudence series ;
Entry Uniform Title
001 - CONTROL NUMBER
- control field: 533
003 - CONTROL NUMBER IDENTIFIER
- control field: NUST
005 - DATE AND TIME OF LATEST TRANSACTION
- control field: 20170511151354.0
008 - FIXED-LENGTH DATA ELEMENTS
- fixed length control field: 170511|| aca||aabn | a|a d
040 ## - CATALOGING SOURCE
- Original cataloging agency: NUST
- Transcribing agency: NUST
130 ## - HEADING--UNIFORM TITLE
- Uniform title: Islamic law and jurisprudence series ;
670 ## - SOURCE DATA FOUND
- Source citation: Work cat.: (NUST)7137: Imran Ahsan Khan Nyazee. 530, Islamic jurisprudence: usul al - Fiqh, 2000.
